| 000 | 00653nam a2200205Ia 4500 | ||
|---|---|---|---|
| 003 | GCL | ||
| 005 | 20240530104622.0 | ||
| 008 | 140319s9999 xx 000 0 ara d | ||
| 040 |
_aGCL / _cGCL |
||
| 082 | 0 | 4 |
_aق _b324.62 _bأ أ |
| 100 | 0 | _aاحمد قزامل | |
| 245 | 1 | 0 |
_aانتخابات مجلس شعب 90 : _bوازمة الديمقراطية فى مصر / _cاحمد قزامل |
| 260 |
_aماكاو : _bالعربى للنشر والتوزيع ، _c1991 |
||
| 300 |
_a135ص ؛ _c24 سم |
||
| 650 | 0 | 4 | _aمصر |
| 650 | 0 | 4 | _aالانتخابات |
| 650 | 0 | 4 | _aمجلس الشعب |
| 650 | 0 | 4 | _aالديمقراطية |
| 942 |
_2ddc _cBK |
||
| 999 |
_c49240 _d49240 |
||